प्रभा खेतान के साहित्य में नारी विमर्श (Record no. 62341)
[ view plain ]
| 000 -LEADER | |
|---|---|
| fixed length control field | 00545nam a22001457a 4500 |
| 003 - CONTROL NUMBER IDENTIFIER | |
| control field | MACL |
| 005 - DATE AND TIME OF LATEST TRANSACTION | |
| control field | 20200308131453.0 |
| 008 - FIXED-LENGTH DATA ELEMENTS--GENERAL INFORMATION | |
| fixed length control field | 200308b xxu||||| |||| 00| 0 eng d |
| 040 ## - CATALOGING SOURCE | |
| Transcribing agency | MACL |
| 100 ## - MAIN ENTRY--PERSONAL NAME | |
| Personal name | जाखड,डॉ.कृष्णा |
| 9 (RLIN) | 78584 |
| 245 ## - TITLE STATEMENT | |
| Title | प्रभा खेतान के साहित्य में नारी विमर्श |
| 260 ## - PUBLICATION, DISTRIBUTION, ETC. (IMPRINT) | |
| Place of publication, distribution, etc. | जोधपुर |
| Name of publisher, distributor, etc. | राजस्थानी ग्रंथागार |
| Date of publication, distribution, etc. | 2016 |
| 650 ## - SUBJECT ADDED ENTRY--TOPICAL TERM | |
| Topical term or geographic name as entry element | नारी विमर्श |
| 9 (RLIN) | 65036 |
| 942 ## - ADDED ENTRY ELEMENTS (KOHA) | |
| Source of classification or shelving scheme | |
| Koha item type | Hindi Books |
| Withdrawn status | Lost status | Source of classification or shelving scheme | Damaged status | Not for loan | Home library | Current library | Date acquired | Cost, normal purchase price | Total Checkouts | Full call number | Barcode | Date last seen | Price effective from | Koha item type |
|---|---|---|---|---|---|---|---|---|---|---|---|---|---|---|
| MACL | MACL | 08/03/2020 | 400.00 | 300 | CRH033056 | 08/03/2020 | 08/03/2020 | Hindi Books |









